[Event "Brno op 12th"]
[Site "Brno"]
[Date "2023.11.18"]
[Round "9"]
[White "Mykhalets, Polina"]
[Black "Tikovsky, Alexander"]
[Result "1-0"]
[WhiteElo "1678"]
[BlackElo "2100"]
[PlyCount "47"]
[EventDate "2023.11.11"]
[EventType "swiss"]
[EventRounds "9"]
[EventCountry "CZE"]
[SourceTitle "CB47_2023"]
[SourceDate "2023.11.22"]
[SourceVersion "1"]
[SourceVersionDate "2023.11.22"]
[SourceQuality "1"]

1. e4 e6 2. d4 d5 3. Nd2 Be7 4. e5 c5 5. c3 Nc6 6. Ndf3 f6 7. Bd3 cxd4 8. cxd4 fxe5 9. dxe5 Qc7 10. Qc2 Bb4+ 11. Kf1 g6 12. Ne2 Bf8 13. h4 Qg7 14. h5 Nb4 15. Qb1 Ne7 16. Bg5 Nxd3 17. Bf6 Qg8 18. Bxh8 Qxh8 19. Qxd3 Bg7 20. Ng5 Bh6 21. hxg6 Bxg5 22. f4 Bxf4 23. Nxf4 Qxe5 24. gxh7 1-0

[Event "UKR-ch rapid (Women)"]
[Site "Kherson"]
[Date "2020.12.04"]
[Round "9"]
[White "Mykhalets, Polina"]
[Black "Yeshchenko, Uliana"]
[Result "0-1"]
[WhiteElo "1437"]
[BlackElo "1872"]
[PlyCount "58"]
[EventDate "2020.12.03"]
[EventType "swiss (rapid)"]
[EventRounds "9"]
[EventCountry "UKR"]
[SourceTitle "EXT 2022"]
[Source "ChessBase"]
[SourceDate "2021.10.06"]
[SourceVersion "1"]
[SourceVersionDate "2021.10.06"]
[SourceQuality "1"]

1. e4 c5 2. Nc3 Nc6 3. f4 g6 4. Nf3 Bg7 5. g3 e6 6. Bg2 Nge7 7. 0-0 0-0 8. d3 d5 9. Bd2 Rb8 10. Rb1 b5 11. Ng5 b4 12. Ne2 h6 13. Nh3 dxe4 14. Bxe4 Nd4 15. Nxd4 Qxd4+ 16. Kh1 Nf5 17. Qf3 Qd7 18. g4 Nd4 19. Qf2 Bb7 20. c3 Nb5 21. cxb4 Rfd8 22. Rfd1 Qxd3 23. Bxb7 Rxb7 24. Be3 Qe4+ 25. Kg1 Rxd1+ 26. Rxd1 cxb4 27. Rd8+ Kh7 28. Rd1 Rc7 29. Rd2 Rc1+ 0-1